First course in computers 2003 (Record no. 8046)

MARC details
000 -LEADER
fixed length control field 00307nam a2200121Ia 4500
008 - FIXED-LENGTH DATA ELEMENTS--GENERAL INFORMATION
fixed length control field 191201s2009 xx 000 0 und d
100 ## - MAIN ENTRY--PERSONAL NAME
Personal name SAXENA, Sanjay
245 #0 - TITLE STATEMENT
Title First course in computers 2003
250 ## - EDITION STATEMENT
Edition statement Rep
260 ## - PUBLICATION, DISTRIBUTION, ETC. (IMPRINT)
Date of publication, distribution, etc 2009
Name of publisher, distributor, etc Vikas Publication House
Place of publication, distribution, etc NEW DELHI
300 ## - PHYSICAL DESCRIPTION
Extent mise.
942 ## - ADDED ENTRY ELEMENTS (KOHA)
Source of classification or shelving scheme Dewey Decimal Classification
Koha item type Text Books
Holdings
Withdrawn status Lost status Source of classification or shelving scheme Damaged status Not for loan Collection code Home library Current library Date acquired Source of acquisition Cost, normal purchase price Bill Number Total Checkouts Full call number Acc. no. / Barcode Date last seen Bill Date Koha item type
    Dewey Decimal Classification     Diploma in Mechanical PIET C-LIBRARY PIET C-LIBRARY 07/07/2012 IBH, New Delhi 310.00 5129   004 SAF DE216 04/12/2019 07/07/2012 Text Books
    Dewey Decimal Classification     Diploma in Mechanical PIET C-LIBRARY PIET C-LIBRARY 07/07/2012 IBH, New Delhi 310.00 5129   004 SAF DE217 04/12/2019 07/07/2012 Text Books
    Dewey Decimal Classification     Diploma in Mechanical PIET C-LIBRARY PIET C-LIBRARY 07/07/2012 IBH, New Delhi 310.00 5129   004 SAF DE218 04/12/2019 07/07/2012 Text Books
    Dewey Decimal Classification     Diploma in Mechanical PIET C-LIBRARY PIET C-LIBRARY 07/07/2012 IBH, New Delhi 310.00 5129   004 SAF DE219 04/12/2019 07/07/2012 Text Books
    Dewey Decimal Classification     Diploma in Mechanical PIET C-LIBRARY PIET C-LIBRARY 07/07/2012 IBH, New Delhi 310.00 5129   004 SAF DE220 04/12/2019 07/07/2012 Text Books
    Dewey Decimal Classification     Diploma in Mechanical PIET C-LIBRARY PIET C-LIBRARY 07/07/2012 IBH, New Delhi 310.00 5129   004 SAF DE221 04/12/2019 07/07/2012 Text Books

Design & Developed by: PIET Central Library
R70 Miles Stone Pattikalyana Samalkha Panipat 132102
mail ID :- [email protected], Phone No:- 0180-2569700 Ex.216